000 01680nam a22002657a 4500
003 Uzh_bibl
008 230824b |||||||| |||| 00| 0 ukr d
020 _a978-617-09-8135-691
_c41.33
040 _bукр
041 _2ukr
_aukr
080 _a913
090 _a913
_bК 28
100 _aКаспарова, Юлія
245 _aГори та печери.
_cХуд. редак. Є. Перепелиця
_hТекст
260 _aХарків
_bРанок
_c2023
300 _a24 с.
_bІл.
490 _aСерія "Читаю про Україну"
520 _aУ цій книжці з серії "Чи-та-ю про Україну" зібрані короткі оповідання, які познайомлять маленьких читачів, що тільки навчаються читати з горами та печерами нашої України. Для вибудови правильного ритму та розподілу дихання усі слова в текстах поділені на склади. Чудові реалістичні картинки доповнять враження від текстів. За допомогою текстів та ілюстрацій малюк не тільки здобуде навичок читання, а й познайомиться з рідним краєм.
521 _aДля молодших школярів
546 _aукр.
650 _aЛітературно-художнє видання
653 _aГоверла
_aПетрос
_aРоман-Кош та ін.
655 _aДитяча література
_vОповідання
942 _2udc
_cBK
999 _c6877
_d6877